| 000 | 00618nam a22001937a 4500 | ||
|---|---|---|---|
| 999 |
_c7750 _d7750 |
||
| 001 | 401 | ||
| 003 | BD-DhUAP | ||
| 005 | 20210201101010.0 | ||
| 008 | 210119s1993 ii ||||| ||| 001 0 eng d | ||
| 040 |
_aBD-DhUAP _bEng _cBD-DhUAP _dBD-DhUAP |
||
| 082 |
_223 _a425 ALL |
||
| 100 | _aAllen, W. Stannard. | ||
| 245 |
_aLiving English structure : _bkey to the exercises / _cW. Stannard Allen. |
||
| 260 |
_aLondon : _bOrient Longman, _c1993. |
||
| 300 |
_a26 pages ; _c23 cm. |
||
| 650 |
_aEnglish language _vTextbooks for foreign speakers. |
||
| 650 |
_aEnglish language _vGrammar _xProblems, exercises, etc. |
||
| 942 |
_2ddc _cBK |
||